000 00246nam a2200109Ia 4500
008 230320s9999||||xx |||||||||||||| ||spa||
082 _a234.165/R56
100 _aRiesgo, Luis
245 0 _a¨Divorcio Es Un Mal?
260 _bPPC
942 _80
_cLIB
999 _c26908
_d26908